000 00238nam a2200121Ia 4500
100 _a#N/A
942 _cBK
245 _aNumerical Methods with Computer Programs
260 _b#N/A
082 _b22012
546 _aENGLISH
999 _c31616
_d31616